000 00502nam a2200181 4500
001 148356
003 ES-MaACL
007 t|
008 070214s1967 mx r ||||1| spa d
100 1 _aStefan, Paul.
_9107988
245 1 0 _aBizet
_b: su vida, su obra, su época /
_cPaul Stefan.
260 _aMéxico :
_bEd. Nacional,
_c1967.
300 _a270 p. ;
_c17 cm.
490 1 _aCol. económica
830 0 _aCol. económica
_9220997
852 _aES-MaACL
_jE-9824
_bR.93767
999 _c148356
_d148356